[Event "Irena Warakomska Memorial A"]
[Site "Suwalki"]
[Date "2020.08.06"]
[Round "1"]
[White "Strzelecki, Jerzy"]
[Black "Kucza, Karol"]
[Result "0-1"]
[Board "8"]
[WhiteElo "1977"]
[WhiteCountry "POL"]
[WhiteFideId "1120506"]
[WhiteEloChange "-3"]
[BlackElo "2277"]
[BlackTitle "FM"]
[BlackCountry "POL"]
[BlackFideId "1159755"]
[BlackEloChange "3"]

1. Nf3 {[%clk 1:30:29]} Nf6 {[%clk 1:30:52]} 2. g3 {[%clk 1:30:43]} d5 {[%clk
1:31:04]} 3. Bg2 {[%clk 1:30:47]} c6 {[%clk 1:31:29]} 4. b3 {[%clk 1:30:55]} Bf5
{[%clk 1:29:44]} 5. Bb2 {[%clk 1:31:05]} e6 {[%clk 1:29:57]} 6. O-O {[%clk
1:31:15]} h6 {[%clk 1:29:48]} 7. d3 {[%clk 1:31:17]} Nbd7 {[%clk 1:29:12]} 8.
Nbd2 {[%clk 1:31:28]} Bc5 {[%clk 1:21:00]} 9. c4 {[%clk 1:21:24]} O-O {[%clk
1:21:02]} 10. a3 {[%clk 1:08:40]} a5 {[%clk 1:20:51]} 11. d4 {[%clk 1:07:59]} Bd6
{[%clk 1:10:54]} 12. Ne5 {[%clk 1:05:00]} Qc7 {[%clk 1:10:54]} 13. Nxd7 {[%clk
0:55:49]} Qxd7 {[%clk 0:53:06]} 14. Qc1 {[%clk 0:53:39]} b5 {[%clk 0:45:39]} 15.
c5 {[%clk 0:48:19]} Bc7 {[%clk 0:45:33]} 16. f3 {[%clk 0:47:56]} Bg6 {[%clk
0:44:03]} 17. Qc3 {[%clk 0:44:36]} Rfe8 {[%clk 0:43:20]} 18. f4 {[%clk 0:40:34]}
Bd8 {[%clk 0:41:46]} 19. h3 {[%clk 0:37:59]} a4 {[%clk 0:40:11]} 20. b4 {[%clk
0:37:27]} Ne4 {[%clk 0:40:30]} 21. Qe3 {[%clk 0:33:35]} Nxd2 {[%clk 0:39:48]} 22.
Qxd2 {[%clk 0:33:55]} Be4 {[%clk 0:39:06]} 23. Rae1 {[%clk 0:32:26]} f5 {[%clk
0:38:27]} 24. e3 {[%clk 0:31:30]} Kh7 {[%clk 0:38:37]} 25. Bc3 {[%clk 0:30:08]}
g5 {[%clk 0:38:28]} 26. Re2 {[%clk 0:26:48]} Rg8 {[%clk 0:38:52]} 27. Kh2 {[%clk
0:24:07]} gxf4 {[%clk 0:34:23]} 28. exf4 {[%clk 0:22:13]} Qg7 {[%clk 0:34:34]}
29. Qe3 {[%clk 0:19:49]} Bh4 {[%clk 0:33:32]} 30. Be1 {[%clk 0:19:35]} Bf6 {[%clk
0:33:52]} 31. Bc3 {[%clk 0:19:05]} h5 {[%clk 0:33:51]} 32. Bxe4 {[%clk 0:15:33]}
dxe4 {[%clk 0:34:14]} 33. Rff2 {[%clk 0:13:44]} Rad8 {[%clk 0:34:10]} 34. Rd2
{[%clk 0:13:35]} Rd5 {[%clk 0:28:40]} 35. Rg2 {[%clk 0:13:15]} Rgd8 {[%clk
0:28:44]} 36. Qe2 {[%clk 0:11:04]} Kg6 {[%clk 0:27:33]} 37. g4 {[%clk 0:08:34]}
hxg4 {[%clk 0:27:58]} 38. hxg4 {[%clk 0:08:51]} Kf7 {[%clk 0:22:36]} 39. gxf5
{[%clk 0:08:19]} Qh8+ {[%clk 0:22:32]} 40. Kg1 {[%clk 0:38:20]} exf5 {[%clk
0:52:56]} 41. Rh2 {[%clk 0:36:03]} Qg7+ {[%clk 0:50:06]} 42. Rg2 {[%clk 0:33:53]}
Qh8 {[%clk 0:41:20]} 43. Rh2 {[%clk 0:33:35]} Rg8+ {[%clk 0:41:46]} 44. Kf1
{[%clk 0:31:08]} Qg7 {[%clk 0:41:08]} 45. Qe3 {[%clk 0:29:21]} Qg3 {[%clk
0:41:06]} 46. Rh7+ {[%clk 0:27:13]} Ke6 {[%clk 0:41:18]} 47. Re2 {[%clk 0:25:26]}
Qxe3 {[%clk 0:40:55]} 48. Rxe3 {[%clk 0:25:45]} Rg4 {[%clk 0:38:44]} 49. Rc7
{[%clk 0:24:50]} Rxf4+ {[%clk 0:39:08]} 50. Ke1 {[%clk 0:22:11]} Bxd4 {[%clk
0:39:07]} 51. Bxd4 {[%clk 0:21:56]} Rxd4 {[%clk 0:39:29]} 52. Rxc6+ {[%clk
0:21:52]} Ke5 {[%clk 0:39:52]} 53. Rb6 {[%clk 0:21:26]} Rh4 {[%clk 0:38:05]} 54.
Rxb5 {[%clk 0:21:02]} Rh1+ {[%clk 0:37:38]} 55. Ke2 {[%clk 0:21:03]} Rh2+ {[%clk
0:36:19]} 56. Ke1 {[%clk 0:21:17]} Rdd2 {[%clk 0:35:55]} 57. c6+ {[%clk 0:21:07]}
Kd4 {[%clk 0:34:13]} 58. Rg3 {[%clk 0:20:21]} Ra2 {[%clk 0:34:30]} 0-1

[Event "Irena Warakomska Memorial A"]
[Site "Suwalki"]
[Date "2020.08.06"]
[Round "1"]
[White "Rasti, Arvin"]
[Black "Backiel, Hubert"]
[Result "1-0"]
[Board "9"]
[WhiteElo "2269"]
[WhiteCountry "SWE"]
[WhiteFideId "1741160"]
[WhiteEloChange "3"]
[BlackElo "1943"]
[BlackCountry "POL"]
[BlackFideId "21838631"]
[BlackEloChange "-3"]

1. d4 {[%clk 1:30:52]} d5 {[%clk 1:30:47]} 2. c4 {[%clk 1:30:23]} e6 {[%clk
1:31:09]} 3. Nc3 {[%clk 1:30:38]} c6 {[%clk 1:31:28]} 4. Nf3 {[%clk 1:30:15]}
dxc4 {[%clk 1:31:42]} 5. a4 {[%clk 1:30:38]} Bb4 {[%clk 1:32:01]} 6. e3 {[%clk
1:30:59]} b5 {[%clk 1:32:11]} 7. Bd2 {[%clk 1:31:22]} a5 {[%clk 1:32:22]} 8. axb5
{[%clk 1:31:41]} Bxc3 {[%clk 1:32:47]} 9. Bxc3 {[%clk 1:32:05]} cxb5 {[%clk
1:33:12]} 10. b3 {[%clk 1:32:29]} Bb7 {[%clk 1:33:21]} 11. bxc4 {[%clk 1:32:53]}
b4 {[%clk 1:33:00]} 12. Bb2 {[%clk 1:33:15]} Nf6 {[%clk 1:30:53]} 13. Bd3 {[%clk
1:33:35]} O-O {[%clk 1:23:17]} 14. O-O {[%clk 1:24:18]} Nbd7 {[%clk 1:21:06]} 15.
c5 {[%clk 1:15:37]} Qc7 {[%clk 1:15:25]} 16. Bb5 {[%clk 1:06:02]} Ng4 {[%clk
1:15:25]} 17. c6 {[%clk 0:58:36]} Bxc6 {[%clk 0:48:40]} 18. Qc2 {[%clk 0:58:47]}
Rfc8 {[%clk 0:39:32]} 19. Rfc1 {[%clk 0:58:03]} Nb8 {[%clk 0:38:50]} 20. Bxc6
{[%clk 0:46:38]} Qxc6 {[%clk 0:36:52]} 21. Qe4 {[%clk 0:45:56]} f5 {[%clk
0:30:14]} 22. Rxc6 {[%clk 0:45:57]} Rxc6 {[%clk 0:30:39]} 23. Qd3 {[%clk
0:46:07]} 1-0

[Event "Irena Warakomska Memorial A"]
[Site "Suwalki"]
[Date "2020.08.06"]
[Round "1"]
[White "Jakhari, Ansh"]
[Black "Mulet, Piotr"]
[Result "1-0"]
[Board "10"]
[WhiteElo "1936"]
[WhiteCountry "NED"]
[WhiteFideId "1066005"]
[WhiteEloChange "17"]
[BlackElo "2217"]
[BlackTitle "FM"]
[BlackCountry "POL"]
[BlackFideId "1106244"]
[BlackEloChange "-17"]

1. e4 {[%clk 1:30:23]} Nf6 {[%clk 1:30:46]} 2. e5 {[%clk 1:30:30]} Nd5 {[%clk
1:31:09]} 3. c4 {[%clk 1:30:43]} Nb6 {[%clk 1:31:30]} 4. d4 {[%clk 1:30:36]} d6
{[%clk 1:31:55]} 5. exd6 {[%clk 1:30:35]} cxd6 {[%clk 1:32:15]} 6. Nf3 {[%clk
1:29:40]} g6 {[%clk 1:32:38]} 7. Nc3 {[%clk 1:29:37]} Bg7 {[%clk 1:33:02]} 8. Be3
{[%clk 1:29:11]} O-O {[%clk 1:32:30]} 9. Be2 {[%clk 1:28:58]} Nc6 {[%clk
1:32:01]} 10. O-O {[%clk 1:28:38]} Bg4 {[%clk 1:32:23]} 11. b3 {[%clk 1:28:29]}
e5 {[%clk 1:19:52]} 12. d5 {[%clk 1:19:15]} Bxf3 {[%clk 1:20:10]} 13. Bxf3 {[%clk
1:19:32]} Nd4 {[%clk 1:20:34]} 14. Rc1 {[%clk 1:15:58]} Nd7 {[%clk 1:20:23]} 15.
Bxd4 {[%clk 1:09:00]} exd4 {[%clk 1:20:47]} 16. Ne2 {[%clk 1:09:23]} Qb6 {[%clk
1:16:12]} 17. Qd2 {[%clk 1:03:43]} Ne5 {[%clk 1:16:31]} 18. Be4 {[%clk 1:00:51]}
Rae8 {[%clk 1:16:00]} 19. Bb1 {[%clk 0:55:07]} Ng4 {[%clk 1:05:03]} 20. Rcd1
{[%clk 0:50:25]} Bh6 {[%clk 1:03:59]} 21. Qd3 {[%clk 0:38:22]} Ne3 {[%clk
1:00:02]} 22. fxe3 {[%clk 0:37:18]} Rxe3 {[%clk 1:00:26]} 23. Qxd4 {[%clk
0:37:08]} Rxe2 {[%clk 1:00:48]} 24. Qxb6 {[%clk 0:37:35]} axb6 {[%clk 1:01:10]}
25. Rfe1 {[%clk 0:37:12]} Rb2 {[%clk 0:57:07]} 26. Kf1 {[%clk 0:35:36]} Bf4
{[%clk 0:52:05]} 27. g3 {[%clk 0:34:42]} Bg5 {[%clk 0:51:37]} 28. Re2 {[%clk
0:35:05]} Rxe2 {[%clk 0:52:05]} 29. Kxe2 {[%clk 0:34:58]} Re8+ {[%clk 0:52:25]}
30. Kf2 {[%clk 0:34:41]} Be3+ {[%clk 0:49:35]} 31. Kf1 {[%clk 0:31:19]} Bc5
{[%clk 0:49:51]} 32. Re1 {[%clk 0:31:13]} Re5 {[%clk 0:50:16]} 33. Bd3 {[%clk
0:28:44]} Kg7 {[%clk 0:50:27]} 34. Rxe5 {[%clk 0:22:56]} dxe5 {[%clk 0:49:29]}
35. g4 {[%clk 0:22:46]} Kh6 {[%clk 0:46:38]} 36. h4 {[%clk 0:11:16]} Be7 {[%clk
0:46:50]} 37. a4 {[%clk 0:09:52]} Bxh4 {[%clk 0:46:34]} 38. d6 {[%clk 0:10:11]}
Kg5 {[%clk 0:43:03]} 39. Be4 {[%clk 0:10:21]} Kxg4 {[%clk 0:41:23]} 40. Bxb7
{[%clk 0:40:44]} Kf5 {[%clk 1:08:17]} 41. Bd5 {[%clk 0:38:31]} e4 {[%clk
1:08:39]} 42. b4 {[%clk 0:31:11]} Ke5 {[%clk 1:08:53]} 43. a5 {[%clk 0:30:43]}
bxa5 {[%clk 1:06:54]} 44. bxa5 {[%clk 0:30:41]} Kxd6 {[%clk 1:04:33]} 45. a6
{[%clk 0:29:10]} Kc7 {[%clk 1:04:54]} 46. a7 {[%clk 0:29:10]} 1-0

[Event "Irena Warakomska Memorial A"]
[Site "Suwalki"]
[Date "2020.08.06"]
[Round "1"]
[White "Leskiewicz, Ignacy"]
[Black "Jarocka, Liwia"]
[Result "0-1"]
[Board "11"]
[WhiteElo "2190"]
[WhiteCountry "POL"]
[WhiteFideId "1185870"]
[WhiteEloChange "-16"]
[BlackElo "1934"]
[BlackTitle "FM"]
[BlackCountry "POL"]
[BlackFideId "21807558"]
[BlackEloChange "16"]

1. e4 {[%clk 1:30:58]} c5 {[%clk 1:30:44]} 2. Nf3 {[%clk 1:31:21]} Nc6 {[%clk
1:31:05]} 3. d4 {[%clk 1:31:45]} cxd4 {[%clk 1:31:28]} 4. Nxd4 {[%clk 1:32:11]}
Nf6 {[%clk 1:31:47]} 5. Nc3 {[%clk 1:32:10]} d6 {[%clk 1:32:10]} 6. Bg5 {[%clk
1:31:41]} e6 {[%clk 1:32:17]} 7. Qd2 {[%clk 1:30:54]} a6 {[%clk 1:32:28]} 8.
O-O-O {[%clk 1:29:22]} h6 {[%clk 1:32:19]} 9. Bh4 {[%clk 1:12:50]} Nxe4 {[%clk
1:30:53]} 10. Qf4 {[%clk 1:13:05]} Ng5 {[%clk 1:31:07]} 11. Nxc6 {[%clk 0:47:43]}
bxc6 {[%clk 1:31:29]} 12. Ne4 {[%clk 0:42:02]} e5 {[%clk 1:28:56]} 13. Bxg5
{[%clk 0:29:50]} hxg5 {[%clk 1:26:27]} 14. Qf3 {[%clk 0:29:50]} Be6 {[%clk
1:04:57]} 15. Nc5 {[%clk 0:30:43]} Bd5 {[%clk 0:59:59]} 16. Rxd5 {[%clk 0:26:14]}
cxd5 {[%clk 1:00:16]} 17. Nxa6 {[%clk 0:26:42]} Qa5 {[%clk 0:32:10]} 18. b4
{[%clk 0:10:48]} Qb6 {[%clk 0:27:25]} 19. Qxd5 {[%clk 0:07:57]} Rxa6 {[%clk
0:23:34]} 20. Qb5+ {[%clk 0:08:19]} Ke7 {[%clk 0:23:27]} 21. Qxa6 {[%clk
0:08:41]} Qxb4 {[%clk 0:21:57]} 22. Bc4 {[%clk 0:07:57]} Kf6 {[%clk 0:19:57]} 23.
Qc6 {[%clk 0:05:00]} Rh4 {[%clk 0:18:39]} 24. Bb3 {[%clk 0:05:29]} Rd4 {[%clk
0:06:06]} 25. Kb1 {[%clk 0:04:07]} Qc5 {[%clk 0:05:38]} 26. Qa6 {[%clk 0:02:53]}
Be7 {[%clk 0:04:45]} 27. Re1 {[%clk 0:01:30]} g6 {[%clk 0:04:55]} 28. Qb7 {[%clk
0:00:48]} Qc3 {[%clk 0:04:23]} 29. Rc1 {[%clk 0:00:45]} d5 {[%clk 0:03:59]} 30.
Qa8 {[%clk 0:01:14]} Kg7 {[%clk 0:03:45]} 31. Qa7 {[%clk 0:00:48]} Bf6 {[%clk
0:02:42]} 32. Qa3 {[%clk 0:00:36]} Rd2 {[%clk 0:02:13]} 33. Qb2 {[%clk 0:00:45]}
Qc5 {[%clk 0:02:33]} 34. a4 {[%clk 0:00:55]} e4 {[%clk 0:02:48]} 35. Qa2 {[%clk
0:01:24]} Qxf2 {[%clk 0:02:14]} 36. Bxd5 {[%clk 0:01:02]} e3 {[%clk 0:02:14]} 37.
Bxf7 {[%clk 0:00:33]} e2 {[%clk 0:02:29]} 38. Be8 {[%clk 0:00:32]} Qb6+ {[%clk
0:02:39]} 39. Bb5 {[%clk 0:00:56]} Rd1 {[%clk 0:02:42]} 40. Qa3 {[%clk 0:30:34]}
e1=Q {[%clk 0:32:51]} 0-1

[Event "Irena Warakomska Memorial A"]
[Site "Suwalki"]
[Date "2020.08.06"]
[Round "1"]
[White "Rosol, Alexander"]
[Black "Rudzinska, Michalina"]
[Result "0-1"]
[Board "12"]
[WhiteElo "1923"]
[WhiteCountry "AUT"]
[WhiteFideId "1645730"]
[WhiteEloChange "-4"]
[BlackElo "2162"]
[BlackTitle "WFM"]
[BlackCountry "POL"]
[BlackFideId "1172883"]
[BlackEloChange "4"]

1. e4 {[%clk 1:30:41]} c5 {[%clk 1:29:53]} 2. Nf3 {[%clk 1:31:01]} e6 {[%clk
1:30:09]} 3. d4 {[%clk 1:31:21]} cxd4 {[%clk 1:30:32]} 4. Nxd4 {[%clk 1:31:45]}
a6 {[%clk 1:30:56]} 5. Nc3 {[%clk 1:31:46]} Qc7 {[%clk 1:31:11]} 6. Bd3 {[%clk
1:31:55]} Nf6 {[%clk 1:31:14]} 7. O-O {[%clk 1:30:37]} Nc6 {[%clk 1:29:45]} 8.
Nxc6 {[%clk 1:30:09]} bxc6 {[%clk 1:28:15]} 9. Qe2 {[%clk 1:26:38]} e5 {[%clk
1:26:55]} 10. f4 {[%clk 1:22:07]} Bd6 {[%clk 1:22:53]} 11. f5 {[%clk 1:16:38]} h5
{[%clk 1:16:27]} 12. Bg5 {[%clk 1:03:09]} Ng4 {[%clk 1:09:22]} 13. Na4 {[%clk
0:47:15]} Be7 {[%clk 0:56:09]} 14. Bd2 {[%clk 0:43:59]} d5 {[%clk 0:44:54]} 15.
c4 {[%clk 0:40:56]} Bb7 {[%clk 0:31:19]} 16. c5 {[%clk 0:33:54]} Rd8 {[%clk
0:28:10]} 17. Bc3 {[%clk 0:27:01]} Bg5 {[%clk 0:25:59]} 18. h3 {[%clk 0:13:35]}
Be3+ {[%clk 0:20:49]} 19. Kh1 {[%clk 0:13:57]} Qe7 {[%clk 0:19:51]} 20. g3 {[%clk
0:11:19]} Qg5 {[%clk 0:19:01]} 21. Kg2 {[%clk 0:10:21]} dxe4 {[%clk 0:14:33]} 22.
Bxe4 {[%clk 0:10:27]} Bd2 {[%clk 0:13:13]} 23. hxg4 {[%clk 0:08:21]} Bxc3 {[%clk
0:13:04]} 24. Rad1 {[%clk 0:07:14]} Bd4 {[%clk 0:08:37]} 25. gxh5 {[%clk
0:07:18]} Qxh5 {[%clk 0:05:38]} 26. Qxh5 {[%clk 0:06:52]} Rxh5 {[%clk 0:06:02]}
27. Rf3 {[%clk 0:05:17]} Ke7 {[%clk 0:05:07]} 28. Rh1 {[%clk 0:04:42]} Rxh1
{[%clk 0:04:44]} 29. Kxh1 {[%clk 0:05:05]} Kf6 {[%clk 0:03:09]} 30. Kg2 {[%clk
0:04:11]} a5 {[%clk 0:01:54]} 31. Rb3 {[%clk 0:02:00]} Ba6 {[%clk 0:02:02]} 32.
Rb6 {[%clk 0:01:04]} Bb5 {[%clk 0:02:21]} 33. Bxc6 {[%clk 0:00:50]} Bxc6+ {[%clk
0:02:44]} 34. Rxc6+ {[%clk 0:01:14]} Kxf5 {[%clk 0:03:08]} 35. Ra6 {[%clk
0:00:42]} Bxb2 {[%clk 0:01:01]} 36. Nxb2 {[%clk 0:00:47]} Rd2+ {[%clk 0:01:26]}
37. Kf3 {[%clk 0:00:33]} Rxb2 {[%clk 0:01:52]} 38. Rxa5 {[%clk 0:00:58]} Rc2
{[%clk 0:01:32]} 39. a4 {[%clk 0:01:10]} Rc3+ {[%clk 0:01:30]} 40. Kf2 {[%clk
0:31:01]} Ke4 {[%clk 0:30:35]} 41. Ra7 {[%clk 0:25:02]} f5 {[%clk 0:27:49]} 42.
Rxg7 {[%clk 0:25:10]} Rc2+ {[%clk 0:28:00]} 43. Ke1 {[%clk 0:22:51]} Rxc5 {[%clk
0:28:21]} 44. Rb7 {[%clk 0:22:12]} Rc3 {[%clk 0:22:52]} 45. Kf2 {[%clk 0:21:07]}
Rc2+ {[%clk 0:22:47]} 46. Kf1 {[%clk 0:20:04]} Ra2 {[%clk 0:22:20]} 47. Rb4+
{[%clk 0:13:59]} Kf3 {[%clk 0:22:21]} 48. Rb3+ {[%clk 0:14:00]} Kg4 {[%clk
0:22:39]} 49. Re3 {[%clk 0:13:17]} e4 {[%clk 0:22:41]} 50. Rb3 {[%clk 0:12:26]}
Rxa4 {[%clk 0:22:58]} 51. Rc3 {[%clk 0:10:01]} Rd4 {[%clk 0:22:59]} 52. Kf2
{[%clk 0:08:43]} Rd2+ {[%clk 0:22:44]} 53. Kf1 {[%clk 0:08:28]} Rd3 {[%clk
0:23:05]} 54. Rc8 {[%clk 0:07:52]} Kxg3 {[%clk 0:22:42]} 55. Rg8+ {[%clk
0:08:14]} Kf3 {[%clk 0:23:05]} 56. Ke1 {[%clk 0:08:37]} Ra3 {[%clk 0:23:03]} 0-1

[Event "Irena Warakomska Memorial A"]
[Site "Suwalki"]
[Date "2020.08.06"]
[Round "1"]
[White "Shilov, Sergej"]
[Black "Sobocinski, Slawomir"]
[Result "1-0"]
[Board "13"]
[WhiteElo "2121"]
[WhiteTitle "FM"]
[WhiteCountry "UKR"]
[WhiteFideId "14101505"]
[WhiteEloChange "5"]
[BlackElo "1914"]
[BlackCountry "POL"]
[BlackFideId "1139452"]
[BlackEloChange "-5"]

1. e4 {[%clk 1:30:45]} c5 {[%clk 1:31:16]} 2. Nf3 {[%clk 1:30:49]} Nc6 {[%clk
1:31:38]} 3. d4 {[%clk 1:30:18]} cxd4 {[%clk 1:32:01]} 4. Nxd4 {[%clk 1:30:41]}
g6 {[%clk 1:32:12]} 5. c4 {[%clk 1:30:49]} Bg7 {[%clk 1:32:21]} 6. Be3 {[%clk
1:31:04]} d6 {[%clk 1:29:25]} 7. Nc3 {[%clk 1:30:23]} Nh6 {[%clk 1:27:36]} 8. Be2
{[%clk 1:27:35]} f5 {[%clk 1:26:58]} 9. Nxc6 {[%clk 1:22:24]} bxc6 {[%clk
1:26:39]} 10. Qd2 {[%clk 1:22:46]} Nf7 {[%clk 1:24:34]} 11. h4 {[%clk 1:14:39]}
Qa5 {[%clk 1:16:45]} 12. exf5 {[%clk 1:11:44]} Bxf5 {[%clk 1:13:31]} 13. h5
{[%clk 1:09:31]} Ne5 {[%clk 1:05:16]} 14. Bh6 {[%clk 1:01:44]} Bf6 {[%clk
1:05:16]} 15. Bg5 {[%clk 1:01:44]} Bxg5 {[%clk 0:55:50]} 16. Qxg5 {[%clk
1:01:49]} Bd3 {[%clk 0:50:02]} 17. f4 {[%clk 0:52:53]} h6 {[%clk 0:33:38]} 18.
Qg3 {[%clk 0:47:02]} Bxe2 {[%clk 0:32:05]} 19. fxe5 {[%clk 0:46:56]} Bxh5 {[%clk
0:22:54]} 20. exd6 {[%clk 0:44:34]} O-O {[%clk 0:16:50]} 21. dxe7 {[%clk
0:25:50]} Rae8 {[%clk 0:13:30]} 22. Kd2 {[%clk 0:23:03]} Rxe7 {[%clk 0:11:48]}
23. Rae1 {[%clk 0:22:33]} Rd7+ {[%clk 0:08:08]} 24. Kc1 {[%clk 0:22:12]} Rdf7
{[%clk 0:06:15]} 25. Re5 {[%clk 0:18:58]} Rf1+ {[%clk 0:04:53]} 26. Rxf1 {[%clk
0:15:14]} Rxf1+ {[%clk 0:05:21]} 27. Kc2 {[%clk 0:15:43]} Rf2+ {[%clk 0:05:50]}
28. Qxf2 {[%clk 0:14:19]} Qxe5 {[%clk 0:06:18]} 29. Qxa7 {[%clk 0:14:14]} g5
{[%clk 0:06:07]} 30. Qa8+ {[%clk 0:12:53]} Be8 {[%clk 0:06:36]} 31. a4 {[%clk
0:12:57]} Kg7 {[%clk 0:04:06]} 32. a5 {[%clk 0:12:51]} Bg6+ {[%clk 0:02:48]} 33.
Kb3 {[%clk 0:12:46]} Qc5 {[%clk 0:02:54]} 34. Qb7+ {[%clk 0:12:29]} Bf7 {[%clk
0:03:16]} 35. Qb4 {[%clk 0:12:21]} Qd4 {[%clk 0:01:43]} 36. a6 {[%clk 0:06:23]}
h5 {[%clk 0:02:01]} 37. Qa4 {[%clk 0:04:30]} Qc5 {[%clk 0:02:03]} 38. a7 {[%clk
0:04:00]} Bxc4+ {[%clk 0:02:23]} 39. Qxc4 {[%clk 0:04:08]} Qxa7 {[%clk 0:02:48]}
40. Qxc6 {[%clk 0:04:28]} Qb8+ {[%clk 0:32:51]} 41. Kc2 {[%clk 0:33:31]} Qf4
{[%clk 0:32:47]} 42. Qd7+ {[%clk 0:33:17]} Kf8 {[%clk 0:30:23]} 43. Qc8+ {[%clk
0:32:34]} Kg7 {[%clk 0:30:46]} 44. Qb7+ {[%clk 0:32:51]} Kg8 {[%clk 0:30:51]} 45.
b4 {[%clk 0:30:55]} h4 {[%clk 0:28:20]} 46. Qe4 {[%clk 0:30:46]} Qf6 {[%clk
0:25:44]} 47. b5 {[%clk 0:30:11]} Kg7 {[%clk 0:24:33]} 48. Qb7+ {[%clk 0:29:50]}
Kg8 {[%clk 0:24:41]} 49. b6 {[%clk 0:28:45]} Kh8 {[%clk 0:23:27]} 50. Qc8+ {[%clk
0:26:48]} Kg7 {[%clk 0:22:21]} 51. Qc7+ {[%clk 0:26:38]} Kh6 {[%clk 0:22:30]} 52.
b7 {[%clk 0:25:47]} Qf5+ {[%clk 0:22:32]} 53. Kb3 {[%clk 0:24:59]} Qe6+ {[%clk
0:22:36]} 54. Kb2 {[%clk 0:25:05]} Qe1 {[%clk 0:19:45]} 55. Qc6+ {[%clk 0:24:45]}
Kh5 {[%clk 0:18:45]} 56. b8=Q {[%clk 0:24:28]} Qf2+ {[%clk 0:17:33]} 57. Ka3
{[%clk 0:24:07]} Qd4 {[%clk 0:14:26]} 58. Qbe8+ {[%clk 0:23:58]} 1-0

[Event "Irena Warakomska Memorial A"]
[Site "Suwalki"]
[Date "2020.08.06"]
[Round "1"]
[White "Marczukiewicz, Jerzy"]
[Black "Praczukowski, Stanislaw"]
[Result "0-1"]
[Board "14"]
[WhiteElo "1912"]
[WhiteCountry "POL"]
[WhiteFideId "1108948"]
[WhiteEloChange "-5"]
[BlackElo "2109"]
[BlackCountry "POL"]
[BlackFideId "1182730"]
[BlackEloChange "5"]

1. Nf3 {[%clk 1:30:51]} Nf6 {[%clk 1:30:56]} 2. c4 {[%clk 1:30:52]} e6 {[%clk
1:31:17]} 3. d4 {[%clk 1:30:56]} Bb4+ {[%clk 1:31:39]} 4. Bd2 {[%clk 1:30:52]}
Qe7 {[%clk 1:32:03]} 5. g3 {[%clk 1:30:33]} Nc6 {[%clk 1:32:13]} 6. Bg2 {[%clk
1:29:30]} Bxd2+ {[%clk 1:32:25]} 7. Nbxd2 {[%clk 1:27:25]} d6 {[%clk 1:27:48]} 8.
O-O {[%clk 1:25:07]} a5 {[%clk 1:23:49]} 9. Rc1 {[%clk 1:19:43]} e5 {[%clk
1:19:13]} 10. d5 {[%clk 1:14:13]} Nb8 {[%clk 1:17:53]} 11. Qa4+ {[%clk 0:59:53]}
Qd7 {[%clk 1:00:20]} 12. Qxd7+ {[%clk 0:57:58]} Nbxd7 {[%clk 1:00:28]} 13. Nb1
{[%clk 0:57:43]} Nc5 {[%clk 0:51:18]} 14. Nc3 {[%clk 0:57:43]} Bd7 {[%clk
0:50:38]} 15. Ng5 {[%clk 0:52:39]} h6 {[%clk 0:47:36]} 16. Nge4 {[%clk 0:52:50]}
Nfxe4 {[%clk 0:47:56]} 17. Nxe4 {[%clk 0:52:24]} b6 {[%clk 0:43:58]} 18. Nxc5
{[%clk 0:47:39]} bxc5 {[%clk 0:44:06]} 19. f4 {[%clk 0:47:24]} exf4 {[%clk
0:40:15]} 20. Rxf4 {[%clk 0:44:52]} O-O {[%clk 0:38:02]} 21. Re4 {[%clk 0:43:08]}
Rab8 {[%clk 0:28:35]} 22. Re7 {[%clk 0:40:18]} Rfd8 {[%clk 0:28:55]} 23. b3
{[%clk 0:37:57]} Kf8 {[%clk 0:27:37]} 24. Re3 {[%clk 0:38:10]} Rb4 {[%clk
0:23:29]} 25. Be4 {[%clk 0:31:57]} a4 {[%clk 0:21:05]} 26. Bc2 {[%clk 0:31:49]}
Ra8 {[%clk 0:20:19]} 27. Kf2 {[%clk 0:28:48]} axb3 {[%clk 0:19:15]} 28. Bxb3
{[%clk 0:27:13]} Ra3 {[%clk 0:15:35]} 29. Rc2 {[%clk 0:23:36]} Bf5 {[%clk
0:15:00]} 30. Rc1 {[%clk 0:23:06]} Ra8 {[%clk 0:13:32]} 31. Ke1 {[%clk 0:23:01]}
Bd7 {[%clk 0:12:29]} 32. Kd2 {[%clk 0:22:19]} Ba4 {[%clk 0:10:49]} 33. Kc3 {[%clk
0:21:29]} Bxb3 {[%clk 0:10:08]} 34. axb3 {[%clk 0:21:43]} Ra2 {[%clk 0:10:06]}
35. Rc2 {[%clk 0:21:12]} Ra1 {[%clk 0:10:15]} 36. Kb2 {[%clk 0:20:54]} Rh1 {[%clk
0:09:45]} 37. h4 {[%clk 0:21:02]} Rb8 {[%clk 0:09:13]} 38. Rcc3 {[%clk 0:19:10]}
Ra8 {[%clk 0:08:22]} 39. Rc1 {[%clk 0:19:09]} Rh2 {[%clk 0:08:04]} 40. Rcc3
{[%clk 0:47:41]} Rg2 {[%clk 0:37:55]} 41. Rc2 {[%clk 0:47:25]} Re8 {[%clk
0:36:24]} 42. Rxe8+ {[%clk 0:40:38]} Kxe8 {[%clk 0:36:50]} 43. b4 {[%clk
0:40:47]} cxb4 {[%clk 0:29:22]} 44. Kb3 {[%clk 0:37:36]} Rxg3+ {[%clk 0:29:16]}
45. Kxb4 {[%clk 0:37:52]} Rg4 {[%clk 0:27:20]} 46. Kb5 {[%clk 0:38:08]} Kd7
{[%clk 0:27:32]} 47. c5 {[%clk 0:38:03]} dxc5 {[%clk 0:27:26]} 48. Kxc5 {[%clk
0:38:07]} Rxh4 {[%clk 0:26:36]} 0-1

[Event "Irena Warakomska Memorial A"]
[Site "Suwalki"]
[Date "2020.08.06"]
[Round "1"]
[White "Korbal, Arkadiusz"]
[Black "Budzisz, Adrian"]
[Result "1-0"]
[Board "15"]
[WhiteElo "2088"]
[WhiteCountry "POL"]
[WhiteFideId "1133837"]
[WhiteEloChange "5"]
[BlackElo "1901"]
[BlackCountry "POL"]
[BlackFideId "21860238"]
[BlackEloChange "-5"]

1. d4 {[%clk 1:30:56]} Nf6 {[%clk 1:30:54]} 2. c4 {[%clk 1:31:07]} g6 {[%clk
1:31:16]} 3. Nc3 {[%clk 1:30:57]} Bg7 {[%clk 1:31:39]} 4. e4 {[%clk 1:30:51]} d6
{[%clk 1:32:02]} 5. g3 {[%clk 1:30:05]} O-O {[%clk 1:31:59]} 6. Bg2 {[%clk
1:30:13]} c5 {[%clk 1:30:23]} 7. d5 {[%clk 1:28:46]} a6 {[%clk 1:29:11]} 8. Nge2
{[%clk 1:27:08]} Bd7 {[%clk 1:21:49]} 9. a4 {[%clk 1:24:21]} a5 {[%clk 1:15:34]}
10. O-O {[%clk 1:24:02]} Qc8 {[%clk 1:12:46]} 11. Nf4 {[%clk 1:03:39]} Na6 {[%clk
1:02:53]} 12. Bd2 {[%clk 0:57:40]} Nb4 {[%clk 0:58:02]} 13. Nb5 {[%clk 0:54:36]}
g5 {[%clk 0:46:44]} 14. Ne2 {[%clk 0:52:43]} h6 {[%clk 0:38:57]} 15. Bc3 {[%clk
0:52:05]} Bh3 {[%clk 0:37:24]} 16. f3 {[%clk 0:48:06]} Bxg2 {[%clk 0:33:49]} 17.
Kxg2 {[%clk 0:47:34]} Rd8 {[%clk 0:32:17]} 18. g4 {[%clk 0:41:57]} h5 {[%clk
0:28:08]} 19. h3 {[%clk 0:42:05]} e5 {[%clk 0:20:33]} 20. Ng3 {[%clk 0:40:31]} h4
{[%clk 0:20:24]} 21. Nf5 {[%clk 0:40:51]} Bf8 {[%clk 0:20:33]} 22. f4 {[%clk
0:33:54]} gxf4 {[%clk 0:14:42]} 23. Qe1 {[%clk 0:30:13]} Nc2 {[%clk 0:13:29]} 24.
Qxh4 {[%clk 0:29:56]} Nh7 {[%clk 0:13:33]} 25. Rac1 {[%clk 0:26:08]} Nd4 {[%clk
0:12:31]} 26. Bxd4 {[%clk 0:17:12]} cxd4 {[%clk 0:12:38]} 27. g5 {[%clk 0:17:13]}
Rd7 {[%clk 0:10:54]} 28. Qg4 {[%clk 0:17:03]} Qe8 {[%clk 0:10:11]} 29. h4 {[%clk
0:15:56]} Be7 {[%clk 0:07:56]} 30. b3 {[%clk 0:14:27]} Kh8 {[%clk 0:07:39]} 31.
Kh1 {[%clk 0:13:05]} Rad8 {[%clk 0:07:18]} 32. Rg1 {[%clk 0:13:09]} Qg8 {[%clk
0:05:58]} 33. Rg2 {[%clk 0:11:45]} Nf8 {[%clk 0:03:16]} 34. Rcg1 {[%clk 0:10:49]}
f3 {[%clk 0:03:02]} 35. Qxf3 {[%clk 0:10:59]} Ng6 {[%clk 0:03:25]} 36. Nh6 {[%clk
0:10:05]} Qh7 {[%clk 0:02:18]} 37. Rh2 {[%clk 0:05:49]} Nf4 {[%clk 0:02:25]} 38.
Nf5 {[%clk 0:05:53]} Nh5 {[%clk 0:01:55]} 39. Qg4 {[%clk 0:05:21]} Qg6 {[%clk
0:01:47]} 40. Rf2 {[%clk 0:34:56]} Rg8 {[%clk 0:31:23]} 41. Nh6 {[%clk 0:29:25]}
Rg7 {[%clk 0:29:17]} 42. Rxf7 {[%clk 0:18:31]} Rxf7 {[%clk 0:28:57]} 43. Nxf7+
{[%clk 0:18:55]} Qxf7 {[%clk 0:29:22]} 44. g6 {[%clk 0:19:19]} 1-0